ბათუმის შოთა რუსთაველის სახელმწიფო უნივერსიტეტის ბიბლიოთეკა

სამართლიანი სასამართლო განხილვის უფლება საქართველოში (ბიბ.ჩანაწერი № 53851)

000 -LEADER
fixed length control field 01466nam a2200277Ia 4500
001 - CONTROL NUMBER
control field 20902
003 - CONTROL NUMBER IDENTIFIER
control field GE_BSU
008 - FIXED-LENGTH DATA ELEMENTS--GENERAL INFORMATION
fixed length control field 181216s||||||||xx |||||||||||||| ||und||
020 ## - INTERNATIONAL STANDARD BOOK NUMBER
International Standard Book Number 9789941947834
040 ## - CATALOGING SOURCE
Transcribing agency GE_BSU
080 ## - UNIVERSAL DECIMAL CLASSIFICATION NUMBER
Universal Decimal Classification number 343.139
100 ## - MAIN ENTRY--PERSONAL NAME
Personal name ბოჭორიშვილი, ნინო.
245 ## - TITLE STATEMENT
Title სამართლიანი სასამართლო განხილვის უფლება საქართველოში
245 ## - TITLE STATEMENT
Statement of responsibility, etc. რედ. ნინო ნიშნიანიძე
250 ## - EDITION STATEMENT
Edition statement მეორე გადამუშავებული გამოცემა.
260 ## - PUBLICATION, DISTRIBUTION, ETC.
Place of publication, distribution, etc. თბილისი
260 ## - PUBLICATION, DISTRIBUTION, ETC.
Name of publisher, distributor, etc. ბონა კაუზა
260 ## - PUBLICATION, DISTRIBUTION, ETC.
Date of publication, distribution, etc. 2016
300 ## - PHYSICAL DESCRIPTION
Extent 167გვ;20სმ.
300 ## - PHYSICAL DESCRIPTION
Accompanying material ბიბლიოგრ.: გვ. 150-167
653 ## - INDEX TERM--UNCONTROLLED
Uncontrolled term ნაშრომი განკუთვნილია სამართლის ფაკ.სტუდ.სამეცნიერო და პრაქტიკული დარგის სპეციალისტებისათვის,აგრეთვე სასამართლო მართლმსაჯულების საკითხებით დაინტერესებული პირებისათვის.
653 ## - INDEX TERM--UNCONTROLLED
Uncontrolled term სამართალი
653 ## - INDEX TERM--UNCONTROLLED
Uncontrolled term სასამართლო განხილვა.
942 ## - ADDED ENTRY ELEMENTS (KOHA)
Koha item type წიგნი
ეგზემპლარები
Withdrawn status Lost status Damaged status Not for loan Date acquired Barcode Date last seen Price effective from Koha item type
        2018-12-17 54492 2018-12-17 2018-12-17 წიგნი
        2018-12-17 54493 2018-12-17 2018-12-17 წიგნი